| 000 | 02161cam a2200613 a 4500 | ||
|---|---|---|---|
| 001 | 20087 | ||
| 003 | VRT | ||
| 005 | 20260115154700.0 | ||
| 008 | 160208s2009 xo a g 000 0 slo | ||
| 015 | _aSNBA2010/05-02535 | ||
| 020 | _a9788080711139 (viaz.) | ||
| 035 | _aA7B64652-F7C3-459D-9B2C-11C57291F0ED | ||
| 035 | _aurn:nbn:sk:snk-amk8bt | ||
| 035 | _aurn:nbn:sk:snk-am008cuv | ||
| 039 | 9 |
_a202408091419 _bAUTHORITY _c202408091408 _dAUTHORITY _c202408091407 _dAUTHORITY _c201602082015 _dVLOAD |
|
| 040 |
_aPOKPOH _bslo _cPOKPOH _dSNK _eAACR2 |
||
| 041 | 0 | _aslo | |
| 044 |
_axo _cSK |
||
| 072 | 7 |
_a17 _xEtika. Morálna filozofia _2konspekt |
|
| 072 | 7 |
_a27-4 _xPraktická teológia. Morálna teológia _2konspekt |
|
| 080 |
_a316.64 _22001 |
||
| 080 |
_a17.02 _22001 |
||
| 080 |
_a159.923.5 _22001 |
||
| 080 |
_a(0:82-32) _22001 |
||
| 080 |
_a27-47 _22001 |
||
| 080 |
_a316.472.4 _22001 |
||
| 080 |
_a(0:82-84) _22001 |
||
| 080 |
_a27-4 _22001 |
||
| 245 | 0 | 0 |
_aPoďme sa rozprávať _bďalších 15 zaujímavých kapitol zo života _c[spracovali Marcela a Stanislav Bielikovci ; ilustrácie Branislav Matis na motívy kresieb Olgy Pazerini] |
| 250 | _a1. vyd. | ||
| 260 |
_aVrútky _bAdvent-Orion _c2009 |
||
| 300 |
_a269 s. _bilustr. _c22 cm |
||
| 490 | 1 | _aPrameň | |
| 650 | 0 | 7 |
_aživotné postoje _2SNKPH |
| 650 | 0 | 7 |
_aživotná múdrosť _2SNKPH |
| 650 | 0 | 7 |
_akresťanská výchova _2SNKPH |
| 650 | 0 | 7 |
_asebavýchova _2SNKPH |
| 650 | 0 | 7 |
_ainterpersonálne vzťahy _2SNKPH |
| 650 | 7 |
_akresťanský život _2SNKPH |
|
| 655 | 7 |
_apríbehy _2SNKPH |
|
| 655 | 7 |
_acitáty _2SNKPH |
|
| 700 | 1 |
_aBieliková, Marcela _4com |
|
| 700 | 1 |
_aBielik, Stanislav _4com |
|
| 700 | 1 |
_aMatis, Branislav, _d1978- _4ill |
|
| 830 | 0 | _aPrameň | |
| 942 |
_2ddc _cOLDO _n0 |
||
| 949 |
_62889151836 _asavukPV 13020 _bsavuk2009/5330 |
||
| 949 |
_asnklmDK 6444 SNKLM _bsnklm2013/65 |
||
| 949 |
_617A0638192 _asnkSC 137851 _bsnk2009/20225 _o2469/09 |
||
| 949 |
_617A0638193 _asnkSC 137851 D1 _bsnk2009/20226 _o2469/09 _s6100:20140925 |
||
| 949 |
_6270001000349294 _asvkbbA 126157 _bsvkbbm 703964 |
||
| 949 |
_6273K0513164 _asvkpoB 82755 _bsvkpo521286 |
||
| 980 | _a27-4 | ||
| 999 |
_c20087 _d20087 |
||